[Event "HCL-B212"]
[Site "www.playchess.de"]
[Date "2001.04.09"]
[Round "11"]
[White "serpens"]
[Black "Trinity"]
[WhiteElo "1297"]
[BlackElo "1029"]
[PlyCount "22"]
[Result "0-1"]

1.e4 e5 2.Nf3 Nc6 3.Bb5 d6 4.d4 Bd7 5.Nc3 Nf6 
6.Bxc6 bxc6 7.dxe5 dxe5 8.Nxe5 Bb4 9.Nxd7 Nxd7 
10.Bd2 Bxc3 11.Bxc3 O-O 0-1

[Event "HCL-B220"]
[Site "www.playchess.de"]
[Date "2001.04.09"]
[Round "7"]
[White "ulibear"]
[Black "sundfar"]
[WhiteElo "1136"]
[BlackElo "1414"]
[PlyCount "98"]
[Result "1/2-1/2"]

1.d4 {lets have a good game}  Nf6 {wish you good 
luck}  2.c4 d5 3.e3 Bf5 4.Nc3 c6 5.cxd5 cxd5 
6.Bb5+ Nc6 7.Nf3 a6 8.Bxc6+ bxc6 9.O-O g6 10.Qa4 
{all natural moves so far}  Qc8 {i have had many 
complex games so far, it seems to be more open 
areas here.}  11.Ne5 {thanks.. I find silent games 
a bit boring}  Bd7 12.b3 Bg7 13.Ba3 {the game 
seems to get violent in some time}  Bf8 14.Rac1 e6 
15.Bxf8 Rxf8 16.Ne2 {marul}  Qc7 {what is 
"marul"?}  17.Nxd7 {apparently nonsense I did not 
I posted as a message to  your. Sorryegae}  Kxd7 
18.Rc5 Ng4 19.g3 g5 20.Rfc1 Rfc8 21.Ra5 Qb6 22.b4 
h5 23.Rc3 Rc7 24.a3 h4 25.f3 Nf6 26.Qc2 Re8 27.Kg2 
Ra8 28.e4 dxe4 29.fxe4 Rh8 30.Rxg5 h3+ 31.Kf3 Qb8 
32.Rgc5 Qg8 33.Kf2 Ng4+ 34.Kg1 {complicated game 
now ...}  Ke7 35.d5 Qg7 36.dxe6 fxe6 37.R5xc6 Rxc6 
38.Rxc6 Qa1+ 39.Qc1 Qxc1+ 40.Rxc1 e5 41.Nc3 Ke6 
42.Nd5 Rf8 43.Rc2 Rf3 44.Rc3 {huuh ... heavy work 
k}  Rf2 {yes, this is a very long game, and it is 
not over yet}  45.Ne3 {now or never ...}  Nxe3 
{your last move was very strong}  46.Rxe3 {thanks, 
but otherwise I'd be lost}  Rg2+ 47.Kh1 {no great 
choice left}  Rf2 48.Kg1 Rd2 49.g4 {I must kill 
your terrible h-pawn}  Rg2+ {I accept your draw 
offer}  1/2-1/2

[Event "HCL-C213"]
[Site "www.playchess.de"]
[Date "2001.04.09"]
[Round "15"]
[White "lienk"]
[Black "kazan"]
[WhiteElo "1070"]
[BlackElo "1000"]
[PlyCount "72"]
[Result "0-1"]

1.e4 c5 2.Nf3 d6 3.Bc4 Nf6 4.Ng5 e6 5.d3 a6 6.a4 
Be7 7.Be3 O-O 8.O-O Nc6 9.Qd2 d5 10.exd5 exd5 
11.Bb3 Ng4 12.Nf3 Nxe3 13.fxe3 Bf6 14.e4 Bxb2 
15.Ra3 Bxa3 16.Nxa3 Nd4 17.Bxd5 Nxf3+ 18.Rxf3 Rb8 
19.Qf4 Be6 20.c4 Qe7 21.Nb1 b5 22.axb5 axb5 23.Nc3 
b4 24.Nb5 Bxd5 25.exd5 Qe1+ 26.Rf1 Qe2 27.Rf3 b3 
28.Rf2 Qxd3 29.Qd6 Qxc4 30.Na3 Qc1+ 31.Rf1 Qxa3 
32.Qg3 Qa2 33.d6 b2 34.d7 b1Q {%}  35.Rxb1 Rxb1+ 
36.Qe1 Rxe1+ 0-1

[Event "HCL-C213"]
[Site "www.playchess.de"]
[Date "2001.04.09"]
[Round "28"]
[White "fossa"]
[Black "wael"]
[WhiteElo "837"]
[BlackElo "1432"]
[PlyCount "50"]
[Result "0-1"]

1.e4 c5 2.Bc4 e6 3.d3 Nc6 4.Nf3 Nf6 5.Bf4 d5 6.Bb5 
Bd7 7.Ne5 Nxe5 8.Bxe5 Bxb5 9.Nc3 Bc6 10.O-O dxe4 
11.dxe4 Qxd1 12.Raxd1 Nxe4 13.Nxe4 Bxe4 14.Rd2 f6 
15.Bc7 Be7 16.Rfd1 Bc6 17.a3 O-O 18.Bd6 Bxd6 
19.R2xd6 Bd5 20.b3 c4 21.bxc4 Bxc4 22.R1d4 Bd5 
23.c4 Rac8 24.g3 Rxc4 25.Rd3 Rc1+ 0-1

[Event "HCL-A084"]
[Site "www.playchess.de"]
[Date "2001.04.09"]
[Round "21"]
[White "DaRkFoRcE"]
[Black "Blitzmich"]
[WhiteElo "1700"]
[BlackElo "1841"]
[PlyCount "152"]
[Result "1/2-1/2"]

1.e4 e5 2.Nf3 Nf6 3.Nxe5 Qe7 4.Nf3 Nxe4 5.Be2 d5 
6.O-O Be6 7.Nc3 c6 8.Re1 Qd8 9.Nd4 Bc5 10.Nxe6 
Bxf2+ 11.Kh1 fxe6 12.Rf1 Nxc3 13.Bh5+ g6 14.dxc3 
Bc5 15.Bg4 e5 16.Bh6 Bf8 17.Qf3 Qe7 18.Bg5 Qxg5 
19.Qf7+ Kd8 20.Qxb7 Qxg4 21.Qxa8 Bd6 22.Qxa7 Qd7 
23.Qxd7+ Nxd7 24.a4 e4 25.a5 h6 26.a6 Ke7 27.Rfe1 
Be5 28.Ra2 Ra8 29.c4 Nc5 30.cxd5 cxd5 31.Ra5 Bd4 
32.Rd1 Ne6 33.c3 Bb6 34.Ra3 Nf4 35.g3 Nd3 36.Rd2 
Kd6 37.b4 Kc6 38.Kg2 Kb5 39.Rda2 Bc7 40.a7 Bb6 
41.R3a6 e3 42.Kf3 Rf8+ 43.Kg2 e2 44.Rxb6+ Kxb6 
45.Rxe2 Kxa7 46.Re6 Rf2+ 47.Kg1 Ra2 48.Rxg6 Ra6 
49.Rg4 Rc6 50.Rd4 Rxc3 51.Rxd5 Nxb4 52.Rd4 Nc2 
53.Rd6 Ne3 54.Kf2 Ng4+ 55.Ke1 Rc1+ 56.Kd2 Rh1 
57.h4 Rh2+ 58.Kd3 Rb2 59.Ke4 h5 60.Kf4 Rb4+ 61.Kg5 
Rb5+ 62.Kg6 Ne5+ 63.Kf6 Kb7 64.Re6 Ng4+ 65.Kg6 Kc8 
66.Re7 Ne5+ 67.Kf6 Nd7+ 68.Kg6 Kd8 69.Re4 Rb6+ 
70.Kg5 Nf6 71.Re3 Kd7 72.Re2 Rc6 73.Re1 Rd6 74.Re2 
Rb6 75.Re1 Kd8 76.Re2 Ra6 1/2-1/2

[Event "HCL-C220"]
[Site "www.playchess.de"]
[Date "2001.04.09"]
[Round "4"]
[White "tiberiuskirk"]
[Black "riedemann"]
[WhiteElo "1085"]
[BlackElo "1042"]
[PlyCount "20"]
[Result "0-1"]

1.e4 e5 2.Nf3 Nc6 3.Bb5 Nf6 4.O-O a6 5.Bxc6 dxc6 
6.d3 Bg4 {hi}  7.h3 Bh5 8.Nbd2 b5 9.Qe2 c5 10.Qe3 
Be7 0-1

[Event "ACL-A117"]
[Site "www.playchess.de"]
[Date "2001.04.09"]
[Round "6"]
[White "MP"]
[Black "Flab"]
[WhiteElo "829"]
[BlackElo "1500"]
[PlyCount "58"]
[Result "0-1"]

1.d4 d5 2.Nf3 b5 3.e3 c6 4.Be2 g6 5.O-O Nf6 6.Nbd2 
Ne4 7.Nxe4 Bf5 8.Nc5 e6 9.b4 Nd7 10.Nxd7 Qxd7 
11.Ne5 Qd6 12.c3 f6 13.Nd3 a5 14.a3 a4 15.Bd2 h5 
16.Re1 h4 17.Nf4 Ra7 18.Bf3 e5 19.dxe5 fxe5 20.Nh3 
Rg7 21.Ng5 e4 22.Bg4 Be7 23.Bxf5 gxf5 24.Nh3 Qe5 
25.f3 Rhg8 26.Nf4 h3 27.g3 Bh4 28.Nh5 R7xg3+ 
29.hxg3 Rxg3+ 0-1

[Event "HCL-C217"]
[Site "www.playchess.de"]
[Date "2001.04.09"]
[Round "20"]
[White "Stephen21"]
[Black "flywheel"]
[WhiteElo "1167"]
[BlackElo "1207"]
[PlyCount "62"]
[Result "0-1"]

1.d4 d5 2.Nc3 Nf6 3.Bg5 Ne4 4.Nxe4 dxe4 5.d5 f6 
6.Bf4 e5 7.dxe6 Qxd1+ {Hello}  8.Rxd1 Bxe6 9.Bxc7 
Nc6 {Hello}  10.e3 Bb4+ 11.c3 Ba5 12.Bxa5 Nxa5 
13.Bb5+ Nc6 14.Ne2 O-O 15.O-O Bxa2 16.Bxc6 bxc6 
17.Nd4 Rfd8 18.Nxc6 Rxd1 19.Rxd1 Bc4 20.Rd4 Bd3 
21.b4 a6 22.g3 g5 23.Ne7+ Kf7 24.Nf5 a5 25.Nd6+ 
Kg6 26.bxa5 Rxa5 27.c4 Kh5 28.Nb7 Ra1+ 29.Kg2 Bf1+ 
30.Kg1 Bh3+ 31.Rd1 Rxd1+ 0-1

[Event "HCL-A101"]
[Site "www.playchess.de"]
[Date "2001.04.09"]
[Round "7"]
[White "Lladia"]
[Black "THE-WARRIOR"]
[WhiteElo "1700"]
[BlackElo "1314"]
[PlyCount "43"]
[Result "1-0"]

1.e4 {hi there}  e6 2.d4 d5 3.Nc3 Bb4 4.Qg4 Bxc3+ 
5.bxc3 Ne7 6.Qxg7 Rg8 7.Qxh7 c5 8.Nf3 Nbc6 9.g3 
cxd4 10.cxd4 Qc7 11.Bg2 Nxd4 12.O-O Ne2+ 13.Kh1 
Nxc1 14.Raxc1 Bd7 15.exd5 O-O-O 16.c4 Rdf8 17.Nd4 
e5 18.Nb5 Qc5 19.Qe4 {i'm back..}  a6 20.Qxe5 
{dare to take it? ;)}  Nf5 21.Be4 f6 
22.Qf4 1-0

[Event "HCL-B228"]
[Site "www.playchess.de"]
[Date "2001.04.09"]
[Round "7"]
[White "chucaniam"]
[Black "victor"]
[WhiteElo "1561"]
[BlackElo "1300"]
[PlyCount "37"]
[Result "1-0"]

1.e4 e6 2.d4 d5 3.Nd2 Nf6 4.e5 Nfd7 5.Ngf3 c5 6.c3 
Nc6 7.Bb5 cxd4 8.cxd4 a6 9.Be2 f6 10.exf6 Qxf6 
11.Nb3 Bb4+ 12.Bd2 O-O 13.O-O Bxd2 14.Qxd2 b5 
15.Rac1 Bb7 16.Nc5 Nxc5 17.Rxc5 Rac8 18.Rfc1 Ne7 
19.R5c7 1-0

[Event "HCL-C229"]
[Site "www.playchess.de"]
[Date "2001.04.09"]
[Round "10"]
[White "Amikelhenry"]
[Black "surak"]
[WhiteElo "1000"]
[BlackElo "1194"]
[PlyCount "39"]
[Result "1-0"]

1.e4 e6 2.d4 d5 3.e5 c5 4.c3 Qb6 5.Nf3 Bd7 6.Bd3 
Bb5 7.O-O Bxd3 8.Qxd3 Qa6 9.Qxa6 Nxa6 10.a3 Ne7 
11.g4 Ng6 12.Be3 Nc7 13.Nbd2 b6 14.a4 cxd4 15.cxd4 
Na6 16.Rac1 Bb4 17.Rc2 O-O 18.Rfc1 Bxd2 19.Bxd2 
Rad8 20.b4 1-0

[Event "HCL-C222"]
[Site "www.playchess.de"]
[Date "2001.04.09"]
[Round "3"]
[White "ictus"]
[Black "Pink_Elephant"]
[WhiteElo "1176"]
[BlackElo "1000"]
[PlyCount "48"]
[Result "0-1"]

1.e4 e5 2.Nf3 Nf6 3.Nxe5 d6 4.Nf3 Nxe4 5.Qe2 Qe7 
6.d3 Nf6 7.Bg5 Bg4 8.Bxf6 gxf6 9.Qxe7+ Kxe7 10.Be2 
Nc6 11.O-O Kd8 12.Nbd2 f5 13.h3 Bh6 14.hxg4 fxg4 
15.Nh2 Bxd2 16.Bxg4 h5 17.Bf3 h4 18.Bxc6 bxc6 
19.Rad1 Bf4 20.Rfe1 h3 21.g3 Bh6 22.Ng4 Bg7 23.Kh2 
Bxb2 24.Re2 Rb8 0-1

[Event "HCL-B227"]
[Site "www.playchess.de"]
[Date "2001.04.09"]
[Round "7"]
[White "Tony"]
[Black "Translightor"]
[WhiteElo "1901"]
[BlackElo "1505"]
[PlyCount "65"]
[Result "1/2-1/2"]

1.d4 {Have nice game!!}  d5 {Thanks. Wish you the 
same!}  2.c4 e6 3.Nc3 Nf6 4.Nf3 Be7 5.e3 O-O 6.Bd3 
dxc4 7.Bxc4 Nbd7 8.a3 a6 9.Qc2 c5 10.dxc5 Bxc5 
11.O-O Qc7 12.Ba2 b5 13.e4 Bb7 14.Bg5 h6 15.Bxf6 
Nxf6 16.Rac1 Rac8 17.Bb1 g6 18.Qd2 Kg7 19.h3 Rfd8 
20.Qe2 Qe7 21.Rfd1 Rxd1+ 22.Rxd1 Rd8 23.Rxd8 Qxd8 
24.b4 Ba7 25.Qe1 Qc7 26.Bd3 Nd7 27.Qa1 f6 28.a4 
Qd6 29.Bc2 Qxb4 30.axb5 Qc5 31.bxa6 Qxf2+ 32.Kh1 
Bc8 33.Nb5 1/2-1/2

[Event "ACL-A112"]
[Site "www.playchess.de"]
[Date "2001.04.09"]
[Round "21"]
[White "vijal"]
[Black "daniela"]
[WhiteElo "1500"]
[BlackElo "1454"]
[PlyCount "49"]
[Result "1-0"]

1.d4 g6 {Hello, I wish us an interesting game and 
fun.}  2.Nf3 Bg7 3.c4 Nf6 {You don't like any 
chat? O.k. ...}  4.Nc3 d6 5.e3 O-O 6.b3 Re8 7.Bb2 
Nbd7 8.Bd3 e5 {Do you play in a club?}  9.dxe5 
Nxe5 10.Nxe5 Rxe5 11.O-O b6 12.Nd5 Nxd5 13.Bxe5 
Bxe5 14.cxd5 Bxa1 15.Qxa1 Qg5 16.Qd4 Bh3 17.Be4 h5 
18.Kh1 Bf5 19.Bxf5 Qxf5 20.e4 Qg5 21.f4 Qe7 22.f5 
g5 23.f6 Qe5 24.Qxe5 dxe5 25.Rf5 1-0

[Event "ACL-A125"]
[Site "www.playchess.de"]
[Date "2001.04.09"]
[Round "22"]
[White "Tony"]
[Black "ulibear"]
[WhiteElo "1900"]
[BlackElo "1301"]
[PlyCount "39"]
[Result "1-0"]

1.d4 {Hi Ulibear! It's a pleasure to meet you!! 
Have nice game!!}  Nf6 {thanks, the same for me 
and on we go fighting}  2.c4 c5 3.d5 b5 4.cxb5 a6 
5.bxa6 Bxa6 6.Nc3 d6 7.Nf3 g6 8.e4 Bg7 9.Bxa6 Nxa6 
10.O-O Nd7 11.Bd2 Ne5 12.Nxe5 Bxe5 13.a3 O-O 14.f4 
Bd4+ 15.Kh1 e5 16.f5 Bxc3 {difficult choice - my 
pc advisor was no help :-)}  17.Bxc3 {All the 
choices are difficult! (my pc advisor was no help) 
what does it mean?}  Qh4 18.f6 Nc7 {my advisor is 
fritz 6  4}  19.Qe1 Rfb8 20.Qxh4 1-0

[Event "HCL-C228"]
[Site "www.playchess.de"]
[Date "2001.04.09"]
[Round "7"]
[White "king27"]
[Black "surak"]
[WhiteElo "1000"]
[BlackElo "1180"]
[PlyCount "51"]
[Result "1-0"]

1.e4 {hi}  e6 2.g3 b6 3.Bg2 Bb7 4.Nc3 Bb4 5.Qf3 
Nf6 6.Qf4 Bxc3 7.bxc3 d5 8.e5 Ne4 9.f3 Nc5 10.Nh3 
Nc6 11.Ng5 O-O 12.d4 Na4 13.Qh4 h6 14.Nh3 Qxh4 
15.gxh4 Nxc3 16.a4 Nxd4 17.Kd2 Nce2 18.Ba3 Rfc8 
19.c3 Nb3+ 20.Kxe2 Nxa1 21.Rxa1 c5 22.f4 Rab8 
23.a5 Ba6+ 24.Kd2 c4 25.Bd6 Rb7 
26.Bf3 1-0

[Event "HCL-B236"]
[Site "www.playchess.de"]
[Date "2001.04.09"]
[Round "4"]
[White "victor"]
[Black "chucaniam"]
[WhiteElo "1298"]
[BlackElo "1397"]
[PlyCount "30"]
[Result "0-1"]

1.e4 c5 2.c3 Nc6 3.Bb5 Qb6 4.Bxc6 Qxc6 5.d3 d5 
6.exd5 Qxd5 7.Nf3 Bg4 8.Qa4+ Bd7 9.Qe4 Qxe4+ 
10.dxe4 Bc6 11.Nbd2 Nf6 12.e5 Nd5 13.O-O e6 14.Nc4 
Be7 15.Bf4 Nxf4 0-1

[Event "HCL-C238"]
[Site "www.playchess.de"]
[Date "2001.04.09"]
[Round "2"]
[White "guerino"]
[Black "tiberiuskirk"]
[WhiteElo "1134"]
[BlackElo "1093"]
[PlyCount "25"]
[Result "1-0"]

1.e4 e6 2.d4 b6 3.c4 Bb7 4.Nc3 d5 5.Nf3 dxe4 6.Ne5 
Bd6 7.Qe2 Nf6 8.Bg5 Nbd7 9.Nxd7 Qxd7 10.Bxf6 gxf6 
11.O-O-O Qe7 12.Nxe4 O-O-O 13.Kb1 1-0

[Event "HCL-C236"]
[Site "www.playchess.de"]
[Date "2001.04.09"]
[Round "7"]
[White "guerino"]
[Black "sarek"]
[WhiteElo "1134"]
[BlackElo "1116"]
[PlyCount "25"]
[Result "1-0"]

1.e4 e6 2.d4 b6 3.c4 Bb7 4.Nc3 c5 5.Nf3 d5 6.cxd5 
exd5 7.exd5 Bxd5 8.Nxd5 Qxd5 9.Bb5+ Nd7 10.O-O 
Ngf6 11.Re1+ Be7 12.Qe2 Qd6 13.Bf4 1-0

[Event "HCL-C228"]
[Site "www.playchess.de"]
[Date "2001.04.09"]
[Round "22"]
[White "surak"]
[Black "guerino"]
[WhiteElo "1180"]
[BlackElo "1134"]
[PlyCount "26"]
[Result "0-1"]

1.e4 c5 2.c3 d5 3.exd5 Qxd5 4.d4 e6 5.Nf3 Nf6 
6.Be2 Be7 7.O-O Nc6 8.Be3 h6 9.dxc5 Qxd1 10.Rxd1 
O-O 11.Na3 a6 12.Nc4 Nd5 13.Nb6 
Rb8 0-1

[Event "HCL-B237"]
[Site "www.playchess.de"]
[Date "2001.04.09"]
[Round "12"]
[White "yxw1"]
[Black "uiai"]
[WhiteElo "1200"]
[BlackElo "1220"]
[PlyCount "59"]
[Result "1-0"]

1.e4 c5 2.Nf3 Nc6 3.Nc3 e5 4.Bb5 d6 5.O-O Nf6 6.a3 
a6 7.Bxc6+ bxc6 8.b4 cxb4 9.axb4 Be7 10.b5 Bb7 
11.bxc6 Bxc6 12.Qe2 O-O 13.d4 Qc7 14.dxe5 dxe5 
15.Bg5 Bb7 16.Rab1 h6 17.Bxf6 Bxf6 18.Qe3 Rfd8 
19.Rb3 a5 20.Rb5 Ba6 21.Rc5 Qxc5 22.Qxc5 Bxf1 
23.Kxf1 a4 24.Qa3 Ra7 25.Nd5 Rc8 26.c3 Rc4 27.Qd6 
Kh7 28.Qb6 Rd7 29.Nxf6+ gxf6 30.Qxf6 1-0

[Event "HCL-B234"]
[Site "www.playchess.de"]
[Date "2001.04.09"]
[Round "3"]
[White "Nulnulnix"]
[Black "guanzi"]
[WhiteElo "1061"]
[BlackElo "1200"]
[PlyCount "92"]
[Result "0-1"]

1.e4 {Good morning !}  e5 2.Nf3 Nc6 3.Bb5 a6 
{Welcome back!}  4.Bxc6 {Ey, it was only a real 
weekend ..}  dxc6 {yeah, I know. how has your 
weekend been?}  5.Nxe5 {Phantastic ! It was my 
first weekend at home this year.}  Qd4 {Great! Are 
you working outside your country?}  6.Nd3 {For the 
moment, I'm in Frankfurt, Germany. Do you know, 
how big Lichtenstein is ?}  Qxe4+ {Not exactly in 
squarekm, but I know its small.}  7.Qe2 {It has 
just one town, no cities. You have to go somewhere 
for a good job.}  Qxe2+ {No, Sweden offers good 
job opportunities, but right now I am studying. 
What do you do for a living?}  8.Kxe2 {Process 
control as IT-consultant. Quite OK, I think.}  Bf5 
9.Re1 O-O-O 10.Na3 Re8+ 11.Kd1 Rxe1+ 12.Nxe1 Bd6 
13.g3 Nf6 14.d3 Ng4 15.f4 Nxh2 16.Be3 Ng4 17.Ng2 
b5 18.Kd2 Be6 19.c3 Bd5 20.Ne1 Bxa3 21.bxa3 Re8 
22.Nc2 Rd8 23.Nb4 Bc4 24.d4 Kb7 25.Rh1 h6 26.Rh4 
f5 27.Nd3 Bxd3 28.Kxd3 c5 29.Bg1 cxd4 30.cxd4 c5 
31.Kc3 cxd4+ 32.Bxd4 Rc8+ 33.Kd2 Rd8 34.Kc3 Rd7 
35.Rh1 {What do you think about a draw ? Your 
position is better, but significant ?}  a5 {I 
don't think this is a draw, let's play some moves 
more.}  36.Re1 Kc6 37.Re6+ Kd5 38.Rg6 Ke4 39.Bxg7 
Rd3+ 40.Kb2 Rxg3 41.Bxh6 Rh3 42.Bg5 Ne3 43.Re6+ 
Kd5 44.Rh6 Nc4+ 45.Ka1 Rxa3 46.Bf6 
Rf3 0-1

[Event "HCL-C237"]
[Site "www.playchess.de"]
[Date "2001.04.09"]
[Round "4"]
[White "guerino"]
[Black "King_Slayer"]
[WhiteElo "1134"]
[BlackElo "1411"]
[PlyCount "54"]
[Result "0-1"]

1.e4 e6 2.d4 d5 3.Nc3 Bb4 4.e5 c5 5.a3 Bxc3+ 
6.bxc3 Qc7 7.Qg4 Ne7 8.Qxg7 Rg8 9.Qxh7 cxd4 10.Ne2 
Nbc6 11.f4 Bd7 12.Qd3 dxc3 13.Qxc3 Nf5 14.Rb1 d4 
15.Qd3 Rc8 16.g3 Na5 17.Kd1 Ba4 18.Rb2 Nc4 19.Ra2 
Nce3+ 20.Bxe3 Nxe3+ 21.Kd2 Bxc2 22.Qb5+ Kd8 
23.Nxd4 Qc3+ 24.Ke2 Bd1+ 25.Kf2 Qxd4 26.Ke1 Rc2 
27.Qb3 Qd2+ 0-1

[Event "HCL-A108"]
[Site "www.playchess.de"]
[Date "2001.04.09"]
[Round "3"]
[White "Tarrega"]
[Black "countdown"]
[WhiteElo "1690"]
[BlackElo "1700"]
[PlyCount "72"]
[Result "0-1"]

1.c4 Nf6 2.g3 g6 3.Bg2 Bg7 4.Nc3 O-O 5.d3 c5 6.Bg5 
e6 7.Ne4 d6 8.Qd2 Nxe4 9.Bxd8 Nxd2 10.Be7 Re8 
11.Bxd6 Bxb2 12.Rd1 Bc3 13.Rxd2 Bxd2+ 14.Kxd2 Nc6 
15.Bxc5 Bd7 16.Nf3 f6 17.Rb1 b6 18.Ba3 Rac8 19.Ne1 
Nd8 20.f4 Bc6 21.Bb2 Bxg2 22.Nxg2 Kf7 23.a4 Nc6 
24.Bc3 Rcb8 25.e3 Red8 26.Ne1 Rd7 27.a5 bxa5 
28.Rxb8 Nxb8 29.Bxa5 Nc6 30.Bc3 a5 31.Nc2 Rb7 
32.d4 f5 33.Na3 Ke7 34.Nb5 Na7 35.Na3 Rb3 36.Bxa5 
Nc6 0-1

[Event "HCL-C234"]
[Site "www.playchess.de"]
[Date "2001.04.09"]
[Round "9"]
[White "olaf"]
[Black "guerino"]
[WhiteElo "1446"]
[BlackElo "1134"]
[PlyCount "55"]
[Result "1-0"]

1.d4 Nf6 2.c4 e6 3.Nc3 Bb4 4.Bd2 O-O 5.Nf3 b6 
6.Qc2 Bb7 7.Ng5 h6 8.a3 Be7 9.Nf3 d5 10.e3 c5 
11.Be2 Nc6 12.dxc5 Bxc5 13.b4 Be7 14.cxd5 Nxd5 
15.Nxd5 Qxd5 16.Rd1 Ne5 17.Bc3 Qc6 18.Nxe5 Qxg2 
19.Rf1 Rac8 20.Qb2 Qxh2 21.Ng4 Qc7 22.Nxh6+ gxh6 
23.Rg1+ Kh7 24.Rg7+ Kh8 25.Be5 Bd6 26.Bf6 Qc6 
27.Rg4+ Kh7 28.Bd3+ 1-0

[Event "HCL-C234"]
[Site "www.playchess.de"]
[Date "2001.04.09"]
[Round "10"]
[White "MAPS"]
[Black "olaf"]
[WhiteElo "878"]
[BlackElo "1446"]
[PlyCount "66"]
[Result "0-1"]

1.e4 {GOOD LUCK!}  d6 2.d4 Nf6 3.Nc3 Nc6 4.d5 Ne5 
5.Nf3 Bg4 6.h3 Bh5 7.g4 Bg6 8.Nxe5 dxe5 9.g5 Nxe4 
10.Nxe4 Bxe4 11.Rg1 Bxd5 12.Bg2 Bxg2 13.Qxd8+ Rxd8 
14.Rxg2 g6 15.Be3 a6 16.f4 Bg7 17.fxe5 Bxe5 18.Rd1 
Rxd1+ 19.Kxd1 Bxb2 20.Re2 Bg7 21.Bc5 e6 22.Rd2 h6 
23.Bd4 Bxd4 24.Rxd4 hxg5 25.Rc4 Kd7 26.Rc5 f5 
27.Rc3 Rh4 28.Rb3 Kc8 29.Ke2 g4 30.Rb4 Rxh3 31.Rb3 
Rh2+ 32.Kd1 c5 33.a4 Kc7 0-1

[Event "HCL-C234"]
[Site "www.playchess.de"]
[Date "2001.04.09"]
[Round "15"]
[White "olaf"]
[Black "ionutz"]
[WhiteElo "1446"]
[BlackElo "1330"]
[PlyCount "27"]
[Result "1-0"]

1.e4 c5 {hallo}  2.Bc4 e6 3.Nc3 a6 4.Nf3 b5 5.Be2 
Bb7 6.d4 cxd4 7.Nxd4 Bb4 8.Bd2 Bxc3 9.Bxc3 Ne7 
10.O-O Bxe4 11.a4 bxa4 12.Rxa4 O-O 13.Nxe6 Bxc2 
14.Nxd8 1-0

[Event "HCL-C240"]
[Site "www.playchess.de"]
[Date "2001.04.09"]
[Round "5"]
[White "pajala"]
[Black "ictus"]
[WhiteElo "1225"]
[BlackElo "1155"]
[PlyCount "33"]
[Result "1-0"]

1.e4 {So, we meet again... :)}  e6 2.Nf3 d5 3.exd5 
exd5 4.d4 Bg4 5.Bd3 Qe7+ 6.Qe2 Bxf3 7.Qxe7+ Bxe7 
8.gxf3 Nc6 9.Be3 Nf6 10.c4 Bb4+ 11.Nc3 dxc4 
12.Bxc4 a6 13.a3 Ba5 14.b4 Bb6 15.Rd1 O-O-O 16.d5 
Ne7 17.Rg1 1-0

[Event "HCL-C242"]
[Site "www.playchess.de"]
[Date "2001.04.09"]
[Round "2"]
[White "Petra"]
[Black "fossa"]
[WhiteElo "1036"]
[BlackElo "777"]
[PlyCount "76"]
[Result "0-1"]

1.e4 e6 2.Nf3 c5 3.d4 Nf6 4.Bd3 Nc6 5.e5 Nd5 6.Nc3 
Qa5 7.Bd2 Qb6 8.O-O d6 9.Ng5 dxe5 10.dxe5 Nxe5 
11.Nxd5 exd5 12.Re1 f6 13.Re2 Bg4 14.f3 Bd7 
15.Nxh7 O-O-O 16.Nxf8 Rdxf8 17.f4 Nxd3 18.cxd3 
Qxb2 19.Qb1 Qxb1+ 20.Rxb1 Ba4 21.Rc1 b6 22.Rce1 
Rfe8 23.R2e7 Rxe7 24.Rxe7 Rh7 25.Rxa7 Bc2 26.Ra6 
Kb7 27.Ra4 Bxa4 {That must have been a blunder, 
right?}  28.h3 {In fact my personal notes of the 
game say "Major Blunder"!!game say}  Bc2 {sorry 
for that.}  29.Kh2 Rh8 30.f5 Ra8 31.g4 Rxa2 32.Kg3 
Bxd3 33.Kh4 Rxd2 34.g5 Bxf5 35.gxf6 gxf6 36.Kh5 
Re2 37.h4 Re7 38.Kh6 Rh7+ 0-1

[Event "HCL-E039"]
[Site "www.playchess.de"]
[Date "2001.04.09"]
[Round "22"]
[White "DKCozy"]
[Black "FD515"]
[WhiteElo "1718"]
[BlackElo "2114"]
[PlyCount "70"]
[Result "0-1"]

1.f4 d5 2.Nf3 Nf6 3.e3 g6 4.b3 Bg7 5.Bb2 O-O 6.Be2 
c5 7.O-O Nc6 8.Qe1 Qd6 9.c4 dxc4 10.Bxc4 a6 11.Ne5 
Ng4 12.Nxf7 Rxf7 13.Bxf7+ Kxf7 14.Bxg7 Kxg7 15.Nc3 
b6 16.h3 Nf6 17.Qe2 Bf5 18.Rf2 Bd3 19.Qf3 Rd8 
20.e4 Qd4 21.Re1 Nb4 22.f5 Nc2 23.Rc1 Nxe4 24.Nxe4 
Bxe4 25.Qg3 Bxf5 26.Kh1 Bd3 27.Rf4 Qd6 28.Qf2 Nd4 
29.Re1 Nf5 30.g4 e5 31.Rf3 e4 32.Rxd3 Qxd3 {Sorry, 
but I think we play some moves more. I must test 
an idea.}  33.gxf5 {Thats OK !}  Qxh3+ 34.Kg1 Qg4+ 
35.Kh2 Rd5 0-1

[Event "HCL-A104"]
[Site "www.playchess.de"]
[Date "2001.04.09"]
[Round "2"]
[White "Gavroktone"]
[Black "RB"]
[WhiteElo "1700"]
[BlackElo "1700"]
[PlyCount "66"]
[Result "0-1"]

1.e4 c5 2.Bc4 d6 3.Nc3 Nf6 4.d3 g6 5.h3 Bg7 6.Nf3 
O-O 7.O-O a6 8.a3 b5 9.Ba2 Bb7 10.Qe2 Nc6 11.Re1 
Qc7 12.e5 dxe5 13.Nxe5 Nd4 14.Qd1 Rac8 15.Nxf7 
Rxf7 16.Bxf7+ Kxf7 17.Be3 Qc6 18.f3 Nf5 19.Bf2 Nd7 
20.Rb1 Qc7 21.Ne4 Bxe4 22.dxe4 Nd4 23.c3 Ne6 
24.Qd2 c4 25.Red1 Ndc5 26.Bxc5 Rd8 27.Bd4 Nxd4 
28.cxd4 Bxd4+ 29.Kf1 Qh2 30.Rde1 Qg1+ 31.Ke2 Qxg2+ 
32.Kd1 Bb6 33.Qxd8 Bxd8 0-1

[Event "HCL-C241"]
[Site "www.playchess.de"]
[Date "2001.04.09"]
[Round "10"]
[White "foxzy"]
[Black "ve7wln"]
[WhiteElo "1077"]
[BlackElo "1266"]
[PlyCount "54"]
[Result "0-1"]

1.e4 e6 2.Nf3 c5 3.Nc3 Nc6 4.Bc4 Nf6 5.d4 cxd4 
6.Nxd4 Bb4 7.Qd3 O-O 8.Bd2 Bd6 9.O-O-O Ng4 10.Rdf1 
Nge5 11.Qh3 Nxc4 12.Nf3 Nxd2 13.Nxd2 Bb4 14.Nc4 d5 
15.Rfd1 Qc7 16.Ne3 d4 17.Nb5 Qf4 18.Nxd4 Nxd4 
19.Rxd4 e5 20.Rxb4 Bxh3 21.gxh3 Qxf2 22.Nd5 Rac8 
23.Ne7+ Kh8 24.Nxc8 Rxc8 25.c3 Rd8 26.Rxb7 Qe3+ 
27.Kb1 Qxe4+ 0-1

[Event "HCL-C241"]
[Site "www.playchess.de"]
[Date "2001.04.09"]
[Round "33"]
[White "Coney"]
[Black "ve7wln"]
[WhiteElo "1109"]
[BlackElo "1266"]
[PlyCount "58"]
[Result "1/2-1/2"]

1.d4 d5 2.c4 c6 3.Nc3 Nf6 4.Nf3 e6 5.c5 b6 6.cxb6 
Ba6 7.bxa7 Rxa7 8.a3 c5 9.Bf4 Rb7 10.Rb1 Be7 
11.Bxb8 Qxb8 12.Qa4+ Bb5 13.Nxb5 Rxb5 14.e3 c4 
15.Ne5 Qb7 16.Nxc4 O-O 17.Nd6 Rxb2 18.Nxb7 Rxb1+ 
19.Ke2 Rxb7 20.f4 Rb1 21.h4 Ra1 22.h5 Ne4 23.Kf3 
Nd2+ 24.Ke2 Ne4 25.Kf3 Nd2+ 26.Ke2 Ne4 27.Kf3 Nd2+ 
28.Ke2 Ne4 29.Kf3 Nc3 1/2-1/2

[Event "HCL-B233"]
[Site "www.playchess.de"]
[Date "2001.04.09"]
[Round "12"]
[White "runciter"]
[Black "Hamburger"]
[WhiteElo "1545"]
[BlackElo "1491"]
[PlyCount "90"]
[Result "0-1"]

1.c4 c5 2.e4 Nc6 3.Nf3 g6 4.d3 Bg7 5.a3 d6 6.Qc2 
Bg4 7.Be2 Bxf3 8.Bxf3 Nd4 9.Qa4+ Qd7 10.Qxd7+ Kxd7 
11.Bd1 Nf6 12.Nd2 a6 13.Rb1 e6 14.Nf3 Nc6 15.Ba4 
Rhc8 16.b4 Rab8 17.bxc5 dxc5 18.Bxc6+ bxc6 19.Ne5+ 
Ke8 20.Rxb8 Rxb8 21.Nxc6 Rb6 22.Na5 Nxe4 23.dxe4 
Bc3+ 24.Bd2 Rb1+ 25.Ke2 Rxh1 26.Bxc3 Rxh2 27.g3 h5 
28.Nb7 h4 29.gxh4 Rxh4 30.Nxc5 Rh3 31.f3 Rh2+ 
32.Ke3 Ra2 33.Bb4 a5 34.Bd2 Rxa3+ 35.Ke2 Ra2 
36.Ke3 e5 37.Nb7 a4 38.Bc3 f6 39.Nd6+ Kd7 40.Nf7 
a3 41.f4 exf4+ 42.Kxf4 Rc2 43.Bxf6 Rf2+ 44.Kg5 
Rxf6 45.Ne5+ Ke6 0-1

[Event "HCL-C247"]
[Site "www.playchess.de"]
[Date "2001.04.09"]
[Round "3"]
[White "fabrizio"]
[Black "Shyloc"]
[WhiteElo "1399"]
[BlackElo "1000"]
[PlyCount "45"]
[Result "1-0"]

1.e4 e5 {hi, have a nice game!}  2.f4 {Hi! Thanks! 
The same to you! Where are you from?}  d6 {hi, I'm 
from Catalonia}  3.Ne2 {Catalonia! Que majo... la 
quiero!!! Yo era en Barcelona el mes pasado... 
Habitava en via Layetana!}  Bg4 4.fxe5 dxe5 5.Nbc3 
f6 6.Nd5 Ne7 7.Ne3 Nbc6 8.Nxg4 Qd7 9.Ng3 O-O-O 
10.Bb5 a6 11.Bxc6 Nxc6 12.O-O Bc5+ 13.Kh1 Nd4 
14.d3 h5 15.Ne3 Rdf8 16.Nxh5 Ne6 17.Qg4 Rh7 18.Qf5 
Rh6 19.Nd5 Be7 20.Nxg7 Nxg7 21.Nxe7+ Kd8 22.Qxd7+ 
Kxd7 23.Bxh6 1-0